000 01045nas a2200325 4500
001 BR2016000729
003 BR-BrBNA
005 20231205130124.0
007 ta
008 230509b bl.|||p| |||| 00| 00por d
040 _aBR-BrBNA
_bpor
_cBiblioteca Nacional de Agricultura
041 _a(Pt)
072 _aF01
100 1 _aSantos, V.M. dos
100 1 _aCastro, H.G. de
100 1 _aCardoso, D.P.
100 1 _aLima, S. de O.
100 1 _aLeal, T.C.A. de B.
100 1 _aSantos, G.R. dos
245 1 _aAvaliação do crescimento e da produtividade da mamoneira BRS 149 Nordestina em dois níveis tecnológicos
650 _aMAMONA
650 _aRICINUS COMMUNIS
650 _aRENDIMENTO
650 _aTECNOLOGIA AGRICOLA
650 _aANALISE
773 0 _tJournal of Biotechnology and Biodiversity (Brazil)
_xISSN 2179-4804
_g(Aug 2011), v. 2(3) p. 58-66
_wBR2016000729
856 4 0 _uhttp://revista.uft.edu.br/index.php/JBB/article/view/250/178
909 _a202311
_bLúcia
_c55
_dLúcia Elande
942 _2AGRIS
_n0
_cANA
999 _c247942
_d247942